| 000 | 00512nam a2200157 4500 | ||
|---|---|---|---|
| 001 | 148681 | ||
| 003 | ES-MaACL | ||
| 005 | 20230906202748.0 | ||
| 007 | t| | ||
| 008 | 070214s1908 sp r ||||1| spa d | ||
| 100 | 1 |
_aSuárez de Mendoza, Alberto. _9108607 |
|
| 245 | 1 | 0 |
_aDiagnóstico y tratamiento de las enfermedades de las vias urinarias _b: lecciones elementales / _cAlberto Suárez de Mendoza. |
| 260 |
_aMadrid : _bIdamor Moreno, _c1908. |
||
| 300 |
_aXIV, 790 p. ; _c25 cm. |
||
| 852 |
_aES-MaACL _jB-11188 |
||
| 999 |
_c148681 _d148681 |
||